Pays dont la capitale commence par N - Mort Subite - Statistiques

Statistiques générales
  • Ce quiz a été pris 171 fois
  • Le résultat moyen est 6 sur 10
Answers on the Grid
Answers color-coded by a green-red scale on the quiz's grid according to % correct below.
Tchad
Kenya
Bahamas
Birmanie
Inde
Palaos
Niger
Chypre
Mauritanie
Tonga
Taiwan
États-Unis
Nigeria
Nauru
Norvège
Laos
Rwanda
Comores
 
Statistiques - réponses
Réponse % Correct
Nicosie Chypre
86%
New Delhi Inde
82%
Nairobi Kenya
78%
Nouakchott Mauritanie
68%
N’Djamena Tchad
65%
Nassau Bahamas
58%
Naypyidaw Birmanie
58%
Niamey Niger
58%
Nukuʻalofa Tonga
48%
Ngerulmud Palaos
43%
Aucun quiz correspondant
Distribution des résultats
% des personnes avec chaque résultat
Percentile par nombre de réponses
Votre historique - résultats
Vous n’avez pas pris ce quiz